[Event "Jerusalem Masters"]
[Site "Jerusalem"]
[Date "2024.09.25"]
[Round "8"]
[White "Svidler, Peter"]
[Black "Van Foreest, Jorden"]
[Result "1/2-1/2"]
[WhiteElo "2698"]
[BlackElo "2696"]
[PlyCount "69"]
[EventDate "2024.09.24"]
[EventType "tourn (rapid)"]
[EventRounds "9"]
[EventCountry "ISR"]
[EventCategory "15"]
[SourceTitle "EXT 2025"]
[Source "ChessBase"]
[SourceDate "2024.10.14"]
[SourceVersion "1"]
[SourceVersionDate "2024.10.14"]
[SourceQuality "1"]

1. d4 d5 2. c4 c6 3. Nc3 Nf6 4. e3 Bf5 5. cxd5 cxd5 6. Qb3 Nc6 7. Qxb7 Bd7 8. Qb3 Rb8 9. Qd1 e5 10. dxe5 Nxe5 11. Be2 Bd6 12. Nf3 0-0 13. 0-0 Rb6 14. g3 Qa8 15. Nxe5 Bxe5 16. Bf3 Bxc3 17. bxc3 Rc8 18. Qd4 Bg4 19. Bg2 Qc6 20. c4 Qxc4 21. Ba3 Qxd4 22. exd4 Be2 23. Rfc1 Rc4 24. Bc5 Rb2 25. Rcb1 Rxb1+ 26. Rxb1 h5 27. Bxa7 Ra4 28. Bc5 Rxa2 29. f3 Nd7 30. Bd6 Bd3 31. Rb7 Nf6 32. Be5 Ra1+ 33. Kf2 Ra2+ 34. Kg1 Ra1+ 35. Kf2 1/2-1/2

[Event "Jerusalem Masters"]
[Site "Jerusalem"]
[Date "2024.09.24"]
[Round "4"]
[White "Ivanchuk, Vassily"]
[Black "Svidler, Peter"]
[Result "1/2-1/2"]
[WhiteElo "2635"]
[BlackElo "2698"]
[PlyCount "74"]
[EventDate "2024.09.24"]
[EventType "tourn (rapid)"]
[EventRounds "9"]
[EventCountry "ISR"]
[EventCategory "15"]
[SourceTitle "EXT 2025"]
[Source "ChessBase"]
[SourceDate "2024.10.14"]
[SourceVersion "1"]
[SourceVersionDate "2024.10.14"]
[SourceQuality "1"]

1. e4 e5 2. Nf3 Nc6 3. Bb5 a6 4. Ba4 Nf6 5. 0-0 Bc5 6. c3 0-0 7. d4 Ba7 8. Re1 d6 9. Bxc6 bxc6 10. h3 exd4 11. cxd4 d5 12. e5 Ne4 13. Be3 c5 14. dxc5 Nxc5 15. Nc3 Bb7 16. Re2 Ne6 17. Bxa7 Rxa7 18. Rd2 d4 19. Nxd4 Qg5 20. g3 c5 21. Nxe6 fxe6 22. Qe2 Bf3 23. Qe3 Qh5 24. Kh2 Raf7 25. Rg1 Bg4 26. h4 Rf3 27. Qxc5 g5 28. Rh1 gxh4 29. Kg1 Qg5 30. Rxh4 Qxd2 31. Rxg4+ Kh8 32. Ne4 Qd1+ 33. Kg2 R3f5 34. Rh4 Qf3+ 35. Kg1 Qd1+ 36. Kg2 Qf3+ 37. Kg1 Qd1+ 1/2-1/2

[Event "Jerusalem Masters"]
[Site "Jerusalem"]
[Date "2024.09.24"]
[Round "5"]
[White "Svidler, Peter"]
[Black "Boruchovsky, Avital"]
[Result "1-0"]
[WhiteElo "2698"]
[BlackElo "2537"]
[PlyCount "83"]
[EventDate "2024.09.24"]
[EventType "tourn (rapid)"]
[EventRounds "9"]
[EventCountry "ISR"]
[EventCategory "15"]
[SourceTitle "EXT 2025"]
[Source "ChessBase"]
[SourceDate "2024.10.14"]
[SourceVersion "1"]
[SourceVersionDate "2024.10.14"]
[SourceQuality "1"]

1. e4 e5 2. Nf3 Nc6 3. Bb5 a6 4. Ba4 Nf6 5. 0-0 Be7 6. d3 b5 7. Bb3 0-0 8. a4 Bb7 9. Re1 d6 10. Bd2 Qd7 11. Nc3 Nd8 12. axb5 axb5 13. Rxa8 Bxa8 14. d4 Nc6 15. Nxb5 Nxd4 16. Nbxd4 exd4 17. e5 Ne4 18. e6 fxe6 19. Nxd4 Kh8 20. Bxe6 Qa4 21. Be3 Qa5 22. c3 Bg5 23. f3 Bxe3+ 24. Rxe3 Qg5 25. Qe1 c5 26. Nb5 Qh6 27. Bg4 Nf6 28. Nxd6 Qf4 29. Nf5 Nxg4 30. fxg4 Qxg4 31. Ng3 Qd7 32. Re7 Qd5 33. Qe2 Bc6 34. h3 h6 35. Nh5 Bb5 36. Qe5 Rf1+ 37. Kh2 Qxe5+ 38. Rxe5 Rf2 39. Rxc5 Ba6 40. Rc7 Rxb2 41. Rxg7 Rb5 42. Rg6 1-0

[Event "Jerusalem Masters"]
[Site "Jerusalem"]
[Date "2024.09.24"]
[Round "1"]
[White "Svidler, Peter"]
[Black "Eljanov, Pavel"]
[Result "1-0"]
[WhiteElo "2698"]
[BlackElo "2672"]
[PlyCount "85"]
[EventDate "2024.09.24"]
[EventType "tourn (rapid)"]
[EventRounds "9"]
[EventCountry "ISR"]
[EventCategory "15"]
[SourceTitle "EXT 2025"]
[Source "ChessBase"]
[SourceDate "2024.10.14"]
[SourceVersion "1"]
[SourceVersionDate "2024.10.14"]
[SourceQuality "1"]

1. e4 e5 2. Nf3 Nc6 3. Bc4 Bc5 4. d3 Nf6 5. 0-0 0-0 6. a4 d6 7. a5 a6 8. c3 Be6 9. Bxe6 fxe6 10. b4 Ba7 11. Re1 d5 12. Qe2 d4 13. c4 Nxb4 14. Ba3 c5 15. Bxb4 cxb4 16. Nxe5 Bb8 17. Nf3 Bc7 18. Nbd2 Bxa5 19. Nb3 Bc7 20. Nbxd4 Qe7 21. c5 Nd7 22. c6 bxc6 23. Nxc6 Qd6 24. Rec1 Nc5 25. d4 Nb3 26. e5 Qd7 27. d5 Nxc1 28. Rxc1 exd5 29. e6 Qd6 30. e7 Rfe8 31. g3 Bb6 32. Qd3 Rac8 33. Ng5 g6 34. Qf3 Rf8 35. exf8Q+ Rxf8 36. Qxd5+ Qxd5 37. Ne7+ Kh8 38. Nxd5 Bxf2+ 39. Kg2 Bd4 40. Ne6 Rf2+ 41. Kh3 Bc3 42. Nxc3 bxc3 43. Rxc3 1-0

[Event "Jerusalem Masters"]
[Site "Jerusalem"]
[Date "2024.09.24"]
[Round "3"]
[White "Svidler, Peter"]
[Black "Rodshtein, Maxim"]
[Result "1-0"]
[WhiteElo "2698"]
[BlackElo "2600"]
[PlyCount "81"]
[EventDate "2024.09.24"]
[EventType "tourn (rapid)"]
[EventRounds "9"]
[EventCountry "ISR"]
[EventCategory "15"]
[SourceTitle "EXT 2025"]
[Source "ChessBase"]
[SourceDate "2024.10.14"]
[SourceVersion "1"]
[SourceVersionDate "2024.10.14"]
[SourceQuality "1"]

1. e4 c5 2. Nf3 d6 3. d4 cxd4 4. Nxd4 Nf6 5. Nc3 a6 6. Bd3 g6 7. f3 e5 8. Nb3 Be6 9. Bg5 Nbd7 10. Qd2 Rc8 11. 0-0-0 Be7 12. Kb1 b5 13. h4 h5 14. Rhf1 0-0 15. Nd5 Nxd5 16. exd5 Bxd5 17. Bh6 Re8 18. g4 Nf6 19. gxh5 Nxh5 20. Bxg6 fxg6 21. Qxd5+ Kh7 22. Bg5 Qc7 23. c3 Bxg5 24. hxg5 Rcd8 25. Na5 Rd7 26. Qc6 Qxc6 27. Nxc6 Kg7 28. Rfe1 Nf4 29. Rxe5 Rxe5 30. Nxe5 Re7 31. Ng4 Re6 32. Nf6 Nh3 33. Ne4 Kf8 34. Kc2 Ke7 35. Rh1 Nf4 36. Rh7+ Kd8 37. Ra7 d5 38. Nc5 Re2+ 39. Kb3 Rg2 40. Rxa6 Ne2 41. Rxg6 1-0

[Event "FIDE World Bl Team Pool E"]
[Site "Almaty"]
[Date "2024.08.05"]
[Round "3.2"]
[White "Abuzyarov, Arlan"]
[Black "Svidler, Peter"]
[Result "1/2-1/2"]
[WhiteElo "1851"]
[BlackElo "2698"]
[PlyCount "128"]
[EventDate "2024.08.05"]
[EventType "team (blitz)"]
[EventRounds "7"]
[EventCountry "KAZ"]
[SourceTitle "CBM 221 Extra"]
[Source "ChessBase"]
[SourceDate "2024.09.30"]
[SourceVersion "1"]
[SourceVersionDate "2024.09.30"]
[SourceQuality "1"]
[WhiteTeam "Abai"]
[BlackTeam "Kazchess"]
[WhiteTeamCountry "KAZ"]
[BlackTeamCountry "KAZ"]

1. d4 d6 2. Nf3 Bg4 3. e3 Nd7 4. Be2 Ngf6 5. b3 e5 6. dxe5 dxe5 7. Bb2 Bd6 8. Nbd2 Qe7 9. Nc4 Bb4+ 10. c3 Bc5 11. b4 Bd6 12. Nxd6+ cxd6 13. a3 e4 14. Nd4 Ne5 15. 0-0 Bxe2 16. Qxe2 0-0 17. c4 Nd3 18. Nf5 Qe6 19. Bxf6 Qxf5 20. Bd4 Rac8 21. f3 Rxc4 22. fxe4 Qxe4 23. Qf3 Qxf3 24. Rxf3 Ne5 25. Rf5 Nc6 26. Rd5 Rd8 27. Rd1 f6 28. e4 Kf7 29. Bb2 Ke6 30. b5 Ne5 31. R5d4 Rxd4 32. Bxd4 b6 33. Rc1 Kd7 34. Bxe5 fxe5 35. Kf2 Rc8 36. Rb1 Rc4 37. Ke3 Rc3+ 38. Kd2 Rxa3 39. Rf1 Ke6 40. Rc1 Ra2+ 41. Ke3 Rxg2 42. Rc7 Rxh2 43. Rxg7 Rb2 44. Rxa7 Rxb5 45. Rxh7 Rb3+ 46. Kd2 b5 47. Rb7 Kf6 48. Rb6 Kg5 49. Rxd6 Kf4 50. Rb6 Kxe4 51. Rb8 b4 52. Kc2 Rc3+ 53. Kd2 Rc4 54. Rb7 Kf3 55. Rf7+ Rf4 56. Re7 e4 57. Rb7 e3+ 58. Ke1 Rc4 59. Rf7+ Ke4 60. Re7+ Kd3 61. Rd7+ Kc2 62. Ke2 b3 63. Kxe3 b2 64. Rb7 b1Q 1/2-1/2

[Event "FIDE World Bl Team Pool E"]
[Site "Almaty"]
[Date "2024.08.05"]
[Round "7.2"]
[White "Gareyev, Timur"]
[Black "Svidler, Peter"]
[Result "0-1"]
[WhiteElo "2541"]
[BlackElo "2698"]
[PlyCount "88"]
[EventDate "2024.08.05"]
[EventType "team (blitz)"]
[EventRounds "7"]
[EventCountry "KAZ"]
[SourceTitle "CBM 221 Extra"]
[Source "ChessBase"]
[SourceDate "2024.09.30"]
[SourceVersion "1"]
[SourceVersionDate "2024.09.30"]
[SourceQuality "1"]
[WhiteTeam "Krakow Q4Rail Kingsofchess"]
[BlackTeam "Kazchess"]
[WhiteTeamCountry "POL"]
[BlackTeamCountry "KAZ"]

1. Nf3 Nf6 2. g3 g6 3. a4 Bg7 4. Bg2 c5 5. 0-0 d5 6. d3 Nc6 7. Bf4 Nh5 8. Bc1 e5 9. Nc3 d4 10. Ne4 Qe7 11. c3 f5 12. Bg5 Qf8 13. Ned2 h6 14. Bh4 g5 15. e3 dxc3 16. bxc3 Nf6 17. d4 e4 18. Ne5 gxh4 19. Ndc4 Nxe5 20. dxe5 Nd7 21. Qh5+ Kd8 22. Rfd1 Kc7 23. Qxh4 Nb6 24. Na3 Bxe5 25. a5 Nd7 26. Rab1 Qf6 27. Qh5 Kb8 28. Nc4 Bc7 29. Rd5 Qe6 30. Qd1 Nf6 31. Rxc5 Rd8 32. Qb3 Rd5 33. Qb4 Qe7 34. Rxd5 Qxb4 35. cxb4 Nxd5 36. b5 b6 37. a6 Be6 38. Rc1 Kc8 39. f3 Kd7 40. fxe4 fxe4 41. Bxe4 Ke7 42. Nd2 Bd6 43. Rc6 Rd8 44. Nc4 Nb4 0-1

[Event "FIDE World Bl Team Pool E"]
[Site "Almaty"]
[Date "2024.08.05"]
[Round "1.2"]
[White "Ishmukhametov, Adil"]
[Black "Svidler, Peter"]
[Result "0-1"]
[WhiteElo "2077"]
[BlackElo "2698"]
[PlyCount "72"]
[EventDate "2024.08.05"]
[EventType "team (blitz)"]
[EventRounds "7"]
[EventCountry "KAZ"]
[SourceTitle "CBM 221 Extra"]
[Source "ChessBase"]
[SourceDate "2024.09.30"]
[SourceVersion "1"]
[SourceVersionDate "2024.09.30"]
[SourceQuality "1"]
[WhiteTeam "Kazakhstan Dream Team"]
[BlackTeam "Kazchess"]
[WhiteTeamCountry "KAZ"]
[BlackTeamCountry "KAZ"]

1. e4 c5 2. c4 Nc6 3. Nc3 g6 4. g3 Bg7 5. Bg2 a6 6. Rb1 Rb8 7. a4 d6 8. Nge2 Bg4 9. 0-0 Bxe2 10. Qxe2 Nf6 11. d3 0-0 12. f4 Ne8 13. f5 Nc7 14. Bd2 b5 15. axb5 axb5 16. cxb5 Nxb5 17. Nxb5 Rxb5 18. Bc3 Qb6 19. Bxg7 Kxg7 20. Qf2 f6 21. g4 Ne5 22. g5 Nxd3 23. Qh4 fxg5 24. Qxg5 Rf6 25. Kh1 Rxb2 26. Rxb2 Qxb2 27. fxg6 hxg6 28. Qe3 Nf2+ 29. Kg1 Ng4 30. Qg3 Qd4+ 31. Kh1 Nf2+ 32. Rxf2 Qxf2 33. Qc3 Qd4 34. Qc1 c4 35. h4 c3 36. h5 Qd2 0-1

[Event "FIDE World Bl Team Pool E"]
[Site "Almaty"]
[Date "2024.08.05"]
[Round "2.2"]
[White "Svidler, Peter"]
[Black "Chinguun, Sumiya"]
[Result "1-0"]
[WhiteElo "2698"]
[BlackElo "2389"]
[PlyCount "73"]
[EventDate "2024.08.05"]
[EventType "team (blitz)"]
[EventRounds "7"]
[EventCountry "KAZ"]
[SourceTitle "CBM 221 Extra"]
[Source "ChessBase"]
[SourceDate "2024.09.30"]
[SourceVersion "1"]
[SourceVersionDate "2024.09.30"]
[SourceQuality "1"]
[WhiteTeam "Kazchess"]
[BlackTeam "Hunnu Air"]
[WhiteTeamCountry "KAZ"]
[BlackTeamCountry "MGL"]

1. e4 c5 2. Nf3 d6 3. Bb5+ Bd7 4. c4 g6 5. Nc3 Bg7 6. d4 cxd4 7. Nxd4 Nf6 8. 0-0 0-0 9. h3 Bxb5 10. cxb5 Nbd7 11. Qe2 Nc5 12. Rd1 Nfd7 13. Be3 Rc8 14. Rac1 Ne6 15. Nxe6 fxe6 16. Qg4 Rf6 17. Bd4 h5 18. Qg3 e5 19. Bxa7 b6 20. Nd5 Ra8 21. Rc7 Kf7 22. Rdc1 Nc5 23. Rxe7+ Qxe7 24. Nxe7 Nxe4 25. Qb3+ Kxe7 26. Rc7+ Kf8 27. Bxb6 Ng5 28. Qd5 Rb8 29. Ba7 Re8 30. b6 Ne6 31. Qxd6+ Kg8 32. Qd7 Rd8 33. Rc8 Rxc8 34. Qxc8+ Kh7 35. b7 Nf4 36. b8Q Ne2+ 37. Kh1 1-0

[Event "FIDE World Bl Team Pool E"]
[Site "Almaty"]
[Date "2024.08.05"]
[Round "6.2"]
[White "Svidler, Peter"]
[Black "Halynyazow, Vepaly"]
[Result "1-0"]
[WhiteElo "2698"]
[BlackElo "2049"]
[PlyCount "103"]
[EventDate "2024.08.05"]
[EventType "team (blitz)"]
[EventRounds "7"]
[EventCountry "KAZ"]
[SourceTitle "CBM 221 Extra"]
[Source "ChessBase"]
[SourceDate "2024.09.30"]
[SourceVersion "1"]
[SourceVersionDate "2024.09.30"]
[SourceQuality "1"]
[WhiteTeam "Kazchess"]
[BlackTeam "TKM Chess"]
[WhiteTeamCountry "KAZ"]
[BlackTeamCountry "TKM"]

1. e4 e6 2. d4 d5 3. Nd2 c5 4. Ngf3 cxd4 5. Nxd4 Nc6 6. Bb5 Bd7 7. Nxc6 bxc6 8. Bd3 Bd6 9. Qe2 Ne7 10. Nf3 Ng6 11. e5 Bc7 12. 0-0 0-0 13. Re1 c5 14. c4 Bc6 15. cxd5 Bxd5 16. Be4 Bxe4 17. Qxe4 Qd5 18. Qe2 Rad8 19. Bg5 Rd7 20. Rad1 Qc6 21. h4 h6 22. h5 Ne7 23. Bxe7 Rxe7 24. Nh2 Rd7 25. Rxd7 Qxd7 26. Rd1 Qa4 27. b3 Qh4 28. Rd7 Bb6 29. Qg4 Qxg4 30. Nxg4 Rd8 31. Rxd8+ Bxd8 32. Kf1 Kf8 33. Ke2 Ke7 34. Kd3 Kd7 35. Kc4 Kc6 36. f4 Bh4 37. Kd3 Kb5 38. Ne3 Be7 39. Nc4 Kb4 40. Kc2 g6 41. g4 gxh5 42. gxh5 Bh4 43. a3+ Kb5 44. Nd6+ Kc6 45. Nxf7 Bg3 46. Nxh6 Bxf4 47. Ng4 Kd5 48. Kd3 Bxe5 49. Nxe5 Kxe5 50. h6 Kf6 51. Ke4 a5 52. a4 1-0

[Event "FIDE World Bl Team Final"]
[Site "Almaty"]
[Date "2024.08.05"]
[Round "2.2"]
[White "Svidler, Peter"]
[Black "Sarana, Alexey"]
[Result "0-1"]
[WhiteElo "2698"]
[BlackElo "2717"]
[PlyCount "116"]
[EventDate "2024.08.05"]
[EventType "team-k.o. (blitz)"]
[EventRounds "4"]
[EventCountry "KAZ"]
[SourceTitle "CBM 221 Extra"]
[Source "ChessBase"]
[SourceDate "2024.09.30"]
[SourceVersion "1"]
[SourceVersionDate "2024.09.30"]
[SourceQuality "1"]
[WhiteTeam "Kazchess"]
[BlackTeam "Chessy"]
[WhiteTeamCountry "KAZ"]
[BlackTeamCountry "FRA"]

1. c4 e6 2. g3 Nf6 3. Bg2 d5 4. Nf3 Be7 5. 0-0 0-0 6. d3 c5 7. cxd5 exd5 8. d4 Nc6 9. Nc3 Bg4 10. dxc5 Bxc5 11. h3 Bh5 12. Bg5 d4 13. Bxf6 Qxf6 14. Nd5 Qd8 15. Nf4 Bg6 16. Rc1 Bb6 17. Nh4 Rc8 18. Nhxg6 hxg6 19. Qb3 Qd6 20. h4 Rfe8 21. Bf3 Rc7 22. Kg2 Ne5 23. Be4 Rce7 24. Qd5 Qf6 25. Qb5 Qd6 26. Rc2 Ng4 27. Bf3 Ne5 28. Rfc1 Nxf3 29. exf3 Re5 30. Rc8 Rxb5 31. Rxe8+ Qf8 32. Rcc8 Qxe8 33. Rxe8+ Kh7 34. Nd3 Ra5 35. a3 Rb5 36. b4 a5 37. a4 Rd5 38. b5 Rd7 39. f4 Rc7 40. Kf3 Rc4 41. Re7 Rxa4 42. Rxb7 Bd8 43. Rxf7 Ra3 44. Ke4 Rb3 45. Rb7 a4 46. Nc5 Rb4 47. Ne6 Bf6 48. Ra7 Kh6 49. g4 Bxh4 50. g5+ Kh5 51. f3 Bf2 52. Rxg7 Kh4 53. f5 a3 54. fxg6 a2 55. Ra7 d3+ 56. Kxd3 Bxa7 57. g7 a1Q 58. g8Q Qa3+ 0-1

[Event "FIDE World Bl Team Pool E"]
[Site "Almaty"]
[Date "2024.08.05"]
[Round "4.2"]
[White "Svidler, Peter"]
[Black "Zhalmakhanov, Ramazan"]
[Result "1-0"]
[WhiteElo "2698"]
[BlackElo "2497"]
[PlyCount "57"]
[EventDate "2024.08.05"]
[EventType "team (blitz)"]
[EventRounds "7"]
[EventCountry "KAZ"]
[SourceTitle "CBM 221 Extra"]
[Source "ChessBase"]
[SourceDate "2024.09.30"]
[SourceVersion "1"]
[SourceVersionDate "2024.09.30"]
[SourceQuality "1"]
[WhiteTeam "Kazchess"]
[BlackTeam "Astana"]
[WhiteTeamCountry "KAZ"]
[BlackTeamCountry "KAZ"]

1. e4 e5 2. Nf3 Nc6 3. Bb5 a6 4. Ba4 Nf6 5. 0-0 d6 6. Re1 Bd7 7. c3 g6 8. d4 Bg7 9. Bg5 h6 10. Bh4 0-0 11. Nbd2 b5 12. Bb3 g5 13. Bg3 Nh5 14. Nxe5 dxe5 15. Qxh5 exd4 16. e5 dxc3 17. bxc3 Na5 18. Bc2 Re8 19. h4 Nc6 20. Nf3 g4 21. Nh2 Qc8 22. Rad1 Rb8 23. Rxd7 Qxd7 24. Nxg4 Qd2 25. Re2 Qc1+ 26. Kh2 Rb6 27. e6 Rf8 28. exf7+ Kh8 29. Qf5 1-0

[Event "FIDE World Bl Team Final"]
[Site "Almaty"]
[Date "2024.08.05"]
[Round "1.2"]
[White "Zemlyanskii, Ivan"]
[Black "Svidler, Peter"]
[Result "1/2-1/2"]
[WhiteElo "2543"]
[BlackElo "2698"]
[PlyCount "130"]
[EventDate "2024.08.05"]
[EventType "team-k.o. (blitz)"]
[EventRounds "4"]
[EventCountry "KAZ"]
[SourceTitle "CBM 221 Extra"]
[Source "ChessBase"]
[SourceDate "2024.09.30"]
[SourceVersion "1"]
[SourceVersionDate "2024.09.30"]
[SourceQuality "1"]
[WhiteTeam "Rookies"]
[BlackTeam "Kazchess"]
[BlackTeamCountry "KAZ"]

1. d4 Nf6 2. c4 g6 3. Nf3 Bg7 4. e3 0-0 5. Be2 b6 6. 0-0 Bb7 7. b3 c5 8. Bb2 cxd4 9. Nxd4 d6 10. Nc3 Nbd7 11. Bf3 Qc8 12. Rc1 Ne5 13. Bxb7 Qxb7 14. Qe2 a6 15. e4 Rac8 16. Nd5 e6 17. Nxf6+ Bxf6 18. Rfd1 Rfd8 19. f4 Nd7 20. Re1 b5 21. cxb5 axb5 22. Nf3 Rxc1 23. Bxc1 Nc5 24. e5 dxe5 25. fxe5 Bg7 26. Bg5 Rd5 27. Rd1 Nd7 28. Bf4 h6 29. h4 b4 30. Rxd5 Qxd5 31. Qc4 Qxc4 32. bxc4 Bf8 33. Kf2 Nb6 34. Nd2 Na4 35. Be3 Be7 36. Ne4 Bxh4+ 37. Ke2 Kf8 38. Bxh6+ Ke8 39. Bd2 Be7 40. Nd6+ Kd7 41. Nxf7 Nb2 42. Nh8 Nxc4 43. Nxg6 Bc5 44. Kd3 Nxd2 45. Kxd2 Kc6 46. Nf4 Bd4 47. Nxe6 Bxe5 48. Kd3 Kd5 49. Ng5 Bf6 50. Ne4 Be7 51. Nd2 Ke5 52. g3 Kf5 53. Kc4 Kg4 54. Ne4 Kf3 55. Nc5 Kxg3 56. Kxb4 Kf4 57. Kb5 Ke5 58. Nb7 Bh4 59. a4 Be1 60. Kc6 Kd4 61. Nd6 Bd2 62. Kb5 Kd5 63. Nb7 Be1 64. Nc5 Bd2 65. Nb3 Be1 1/2-1/2

[Event "FIDE World Rapid Team"]
[Site "Almaty"]
[Date "2024.08.04"]
[Round "11.14"]
[White "Amilal, Munkhdalai"]
[Black "Svidler, Peter"]
[Result "1-0"]
[WhiteElo "2374"]
[BlackElo "2698"]
[PlyCount "95"]
[EventDate "2024.08.02"]
[EventType "team (rapid)"]
[EventRounds "12"]
[EventCountry "KAZ"]
[SourceTitle "CBM 221 Extra"]
[Source "ChessBase"]
[SourceDate "2024.09.30"]
[SourceVersion "1"]
[SourceVersionDate "2024.09.30"]
[SourceQuality "1"]
[WhiteTeam "Hunnu Air"]
[BlackTeam "Kazchess"]
[WhiteTeamCountry "MGL"]
[BlackTeamCountry "KAZ"]

1. e4 c5 2. Nf3 e6 3. b3 a6 4. c4 Nc6 5. Bb2 Qc7 6. Nc3 Nf6 7. d4 cxd4 8. Nxd4 Bb4 9. Nxc6 dxc6 10. Bd3 e5 11. 0-0 0-0 12. Qc2 Be6 13. Na4 Be7 14. c5 Rad8 15. Rad1 Nh5 16. Bc4 Nf4 17. Bxe6 Nxe6 18. b4 a5 19. a3 axb4 20. axb4 Nd4 21. Bxd4 Rxd4 22. Rxd4 exd4 23. Nb6 Qf4 24. Qd3 f5 25. exf5 Rxf5 26. g3 Qg4 27. Re1 Rf7 28. Nc4 h6 29. Ne5 Qf5 30. Qxd4 Bf6 31. f4 Re7 32. Qc4+ Kh7 33. g4 Qc8 34. Qd3+ Kg8 35. Qc4+ Kh7 36. h3 Qd8 37. Qe4+ Kg8 38. Kg2 Qd2+ 39. Re2 Qc3 40. Rc2 Qa1 41. Qc4+ Kh7 42. Qe4+ Kg8 43. Qc4+ Kh7 44. Qd3+ Kg8 45. Qd8+ Kh7 46. Qd3+ Kg8 47. Qb3+ Kh7 48. Ra2 1-0

[Event "FIDE World Rapid Team"]
[Site "Almaty"]
[Date "2024.08.04"]
[Round "10.2"]
[White "Svidler, Peter"]
[Black "Duda, Jan Krzysztof"]
[Result "1/2-1/2"]
[WhiteElo "2698"]
[BlackElo "2733"]
[PlyCount "60"]
[EventDate "2024.08.02"]
[EventType "team (rapid)"]
[EventRounds "12"]
[EventCountry "KAZ"]
[SourceTitle "CBM 221 Extra"]
[Source "ChessBase"]
[SourceDate "2024.09.30"]
[SourceVersion "1"]
[SourceVersionDate "2024.09.30"]
[SourceQuality "1"]
[WhiteTeam "Kazchess"]
[BlackTeam "Wadim Rosenstein Team"]
[WhiteTeamCountry "KAZ"]
[BlackTeamCountry "GER"]

1. c4 c6 2. Nf3 d5 3. e3 Nf6 4. Nc3 e6 5. b3 Bd6 6. Bb2 0-0 7. d4 Nbd7 8. Qc2 e5 9. dxe5 Nxe5 10. 0-0-0 Qe7 11. cxd5 Bg4 12. Be2 cxd5 13. Nxe5 Bxe2 14. Qxe2 Bxe5 15. Nxd5 Rac8+ 16. Kb1 Nxd5 17. Rxd5 Bxb2 18. Kxb2 Qe4 19. Rhd1 Qxg2 20. h4 h6 21. h5 Qh2 22. R1d4 Qc7 23. Qc4 Qe7 24. Qd3 Rc5 25. Rd8 Qf6 26. Rxf8+ Kxf8 27. Kb1 Qc6 28. Kb2 Qf6 29. Kb1 Qc6 30. Kb2 Qf6 1/2-1/2

[Event "FIDE World Rapid Team"]
[Site "Almaty"]
[Date "2024.08.04"]
[Round "9.14"]
[White "Svidler, Peter"]
[Black "Wei, Yi"]
[Result "1/2-1/2"]
[WhiteElo "2698"]
[BlackElo "2762"]
[PlyCount "98"]
[EventDate "2024.08.02"]
[EventType "team (rapid)"]
[EventRounds "12"]
[EventCountry "KAZ"]
[SourceTitle "CBM 221 Extra"]
[Source "ChessBase"]
[SourceDate "2024.09.30"]
[SourceVersion "1"]
[SourceVersionDate "2024.09.30"]
[SourceQuality "1"]
[WhiteTeam "Kazchess"]
[BlackTeam "Decade China"]
[WhiteTeamCountry "KAZ"]
[BlackTeamCountry "CHN"]

1. c4 Nf6 2. Nc3 e5 3. g3 Bb4 4. Bg2 0-0 5. e4 Bxc3 6. bxc3 Re8 7. Ne2 c6 8. 0-0 d5 9. exd5 cxd5 10. cxd5 Nxd5 11. c4 Nb4 12. d4 exd4 13. Nxd4 N8c6 14. Nxc6 Qxd1 15. Rxd1 Nxc6 16. Be3 Bf5 17. Rd5 Be4 18. Rb5 Bxg2 19. Kxg2 b6 20. c5 Re5 21. Rab1 bxc5 22. Rxc5 Rxc5 23. Bxc5 h5 24. Rb7 a5 25. Rc7 Nb4 26. a3 Nd3 27. Be3 Rd8 28. h3 f6 29. Kf3 Re8 30. Bd2 a4 31. Ra7 Ne5+ 32. Kg2 Rd8 33. Bc3 Rd3 34. Bxe5 fxe5 35. Rxa4 e4 36. Kf1 e3 37. f3 Rd2 38. Ke1 Ra2 39. g4 hxg4 40. hxg4 Kf7 41. f4 Rg2 42. f5 Kf6 43. Ra6+ Kf7 44. Ra4 Kf6 45. Re4 Kg5 46. Rxe3 Kxg4 47. Re5 Kf4 48. Ra5 Rg5 49. Kf2 Rxf5 1/2-1/2

[Event "FIDE World Rapid Team"]
[Site "Almaty"]
[Date "2024.08.03"]
[Round "7.2"]
[White "Martirosyan, Haik M"]
[Black "Svidler, Peter"]
[Result "1-0"]
[WhiteElo "2667"]
[BlackElo "2698"]
[PlyCount "75"]
[EventDate "2024.08.02"]
[EventType "team (rapid)"]
[EventRounds "12"]
[EventCountry "KAZ"]
[SourceTitle "CBM 221 Extra"]
[Source "ChessBase"]
[SourceDate "2024.09.30"]
[SourceVersion "1"]
[SourceVersionDate "2024.09.30"]
[SourceQuality "1"]
[WhiteTeam "Chessy"]
[BlackTeam "Kazchess"]
[WhiteTeamCountry "FRA"]
[BlackTeamCountry "KAZ"]

1. d4 d5 2. c4 e6 3. Nf3 a6 4. cxd5 exd5 5. Nc3 h6 6. Bf4 Nf6 7. e3 Bd6 8. Bxd6 Qxd6 9. Qc2 0-0 10. Bd3 Nc6 11. a3 Ne7 12. h3 g6 13. 0-0 Bf5 14. Rac1 c6 15. b4 Bxd3 16. Qxd3 Nf5 17. Na4 Qe7 18. Nc5 Nd6 19. a4 Nfe4 20. Ne5 Kg7 21. Qc2 a5 22. b5 cxb5 23. axb5 Rfc8 24. Qb2 f6 25. Ned3 Nc4 26. Qa2 b6 27. Nxe4 Qxe4 28. Nf4 Qf5 29. Rc3 Qd7 30. Rfc1 Qxb5 31. e4 Qd7 32. exd5 b5 33. Qb1 f5 34. Rg3 Ra6 35. Ne6+ Rxe6 36. dxe6 Qxe6 37. Qxb5 Nd6 38. Qb1 1-0

[Event "FIDE World Rapid Team"]
[Site "Almaty"]
[Date "2024.08.03"]
[Round "6.2"]
[White "Svidler, Peter"]
[Black "Eljanov, Pavel"]
[Result "1-0"]
[WhiteElo "2698"]
[BlackElo "2672"]
[PlyCount "77"]
[EventDate "2024.08.02"]
[EventType "team (rapid)"]
[EventRounds "12"]
[EventCountry "KAZ"]
[SourceTitle "CBM 221 Extra"]
[Source "ChessBase"]
[SourceDate "2024.09.30"]
[SourceVersion "1"]
[SourceVersionDate "2024.09.30"]
[SourceQuality "1"]
[WhiteTeam "Kazchess"]
[BlackTeam "Ashdod"]
[WhiteTeamCountry "KAZ"]
[BlackTeamCountry "ISR"]

1. c4 e6 2. Nf3 d5 3. g3 Nf6 4. Bg2 Be7 5. 0-0 0-0 6. b3 d4 7. e3 c5 8. Ne5 Nbd7 9. exd4 cxd4 10. Nd3 e5 11. Re1 e4 12. Bxe4 Nxe4 13. Rxe4 Nf6 14. Re1 Bg4 15. f3 Bf5 16. Nf2 Re8 17. Ba3 h5 18. Bxe7 Rxe7 19. Rxe7 Qxe7 20. d3 h4 21. Nd2 Qe3 22. Nf1 Qe5 23. Qd2 Re8 24. Qg5 hxg3 25. Nxg3 Bd7 26. Qxe5 Rxe5 27. Nfe4 Nh7 28. Kf2 Nf8 29. f4 Ra5 30. a3 Bc8 31. Nd6 Rc5 32. Re1 Rc6 33. Nxc8 Rxc8 34. Nf5 Rc5 35. Nxd4 Ng6 36. Re8+ Kh7 37. Kg3 Rc7 38. f5 Nh8 39. Kf4 1-0